Tracks on Albums #8: Purple Rain - Statistics

General Stats
  • This quiz has been taken 73 times
  • The average score is 7 of 9
Answer Stats
Track No. Answer % Correct
9 Purple Rain
100%
6 When Doves Cry
93%
5 Darling Nikki
86%
1 Let's Go Crazy
84%
4 Computer Blue
83%
7 I Would Die 4 U
74%
2 Take Me With U
69%
8 Baby I'm a Star
67%
3 The Beautiful Ones
66%
No matching quizzes found
Score Distribution
Percent of People with Each Score
Percentile by Number Answered
Your Score History
You have not taken this quiz